000 00626nam a2200181Ia 4500
008 090711s9999 xx 000 0 und d
082 _b85
100 _aरिबेरो ज्युलिओ
245 _aबुलेटफॉर बुलेट
260 _bचिरानि प्रकाशन
_c2000
300 _a376
600 _aरिबेरो ज्युलिओ
630 _aबुलेटफॉर बुलेट
700 _aदामले मंजिरी
700 _aरिबेरो ज्युलिओ
730 _aबुलेटफॉर बुलेट
942 _cBOOK
999 _c337455
_d337455